Detalles MARC
| 000 -CABECERA |
| campo de control de longitud fija |
01625nam a2200229 u 4500 |
| 001 - NÚMERO DE CONTROL |
| campo de control |
000003021 |
| 005 - FECHA Y HORA DE LA ÚLTIMA TRANSACCIÓN |
| campo de control |
20200929150317.0 |
| 008 - DATOS DE LONGITUD FIJA--INFORMACIÓN GENERAL |
| campo de control de longitud fija |
090706s2000 dr abc r 001 0 spa d |
| 040 ## - FUENTE DE LA CATALOGACIÓN |
| Centro catalogador/agencia de origen |
DO-SdBNP |
| Lengua de catalogación |
spa |
| Centro/agencia transcriptor |
BNPHU |
| 082 ## - NÚMERO DE LA CLASIFICACIÓN DECIMAL DEWEY |
| Número de clasificación |
333.72 |
| Número de documento/Ítem |
R426e |
| 110 1# - ENTRADA PRINCIPAL--NOMBRE DE ENTIDAD CORPORATIVA |
| Nombre de entidad corporativa o nombre de jurisdicción como elemento de entrada |
República Dominicana, Secretaria de Estado de Agricultura |
| Unidad subordinada |
Subsecretaria de recursos naturales |
| -- |
Departamento de vida Silvestre |
| 9 (RLIN) |
9575 |
| 245 10 - MENCIÓN DE TÍTULO |
| Título |
Estrategias para el manejo sostenible de recursos naturales en el Suroeste de la República Dominicana / |
| Mención de responsabilidad, etc. |
Prólogo José Martínez Guridy. |
| 260 ## - PUBLICACIÓN, DISTRIBUCIÓN, ETC. |
| Lugar de publicación, distribución, etc. |
Santo Domingo : |
| Nombre del editor, distribuidor, etc. |
Secretaría de Estados de Agricultura, |
| Fecha de publicación, distribución, etc. |
2000. |
| 300 ## - DESCRIPCIÓN FÍSICA |
| Extensión |
XIII, 105 p. : |
| Otras características físicas |
il., mapa, retr. ; |
| Dimensiones |
28 cm. |
| 500 ## - NOTA GENERAL |
| Nota general |
Incluye un mapa de anexo |
| 504 ## - NOTA DE BIBLIOGRAFÍA, ETC. |
| Nota de bibliografía, etc. |
Bibliografía : p. 85-88 |
| 505 2# - NOTA DE CONTENIDO CON FORMATO |
| Nota de contenido con formato |
Prólogo-- Créditos -- Agradecimientos-- Lista de abreviaturas-- Resumen -- Introducción 1 Metodología -- Situación de los recursos naturales en la propuesta -- Reserva de Biosfera Guarocuya -- Situación socioeconómica y organización social en la propuesta reserva de biosfera Guarocuya -- Condiciones de vida y conservación -- Propuesta para el establecimiento de la reserva de biosfera Guarocuya -- Estrategias de manejo para la reserva de la biosfera Guarocuya -- Conclusiones y recomendaciones -- Bibliografía consultada -- Anexos. |
| 650 #4 - PUNTO DE ACCESO ADICIONAL DE MATERIA--TÉRMINO DE MATERIA |
| Término de materia o nombre geográfico como elemento de entrada |
Recursos naturales |
| Subdivisión geográfica |
República Dominicana |
| 9 (RLIN) |
1560 |
| 650 #4 - PUNTO DE ACCESO ADICIONAL DE MATERIA--TÉRMINO DE MATERIA |
| Término de materia o nombre geográfico como elemento de entrada |
Desarrollo sostenible |
| Subdivisión geográfica |
República Dominicana |
| 9 (RLIN) |
9357 |
| 700 1# - PUNTO DE ACCESO ADICIONAL--NOMBRE DE PERSONA |
| Nombre de persona |
Martínez Guridy, José |
| Término indicativo de función/relación |
pról. |
| 9 (RLIN) |
9576 |
| 710 1# - PUNTO DE ACCESO ADICIONAL--NOMBRE DE ENTIDAD CORPORATIVA |
| Nombre de entidad corporativa o nombre de jurisdicción como elemento de entrada |
Secretaría de Estados de Agricultura |
| Unidad subordinada |
Subsecretaría de Recursos Naturales |
| -- |
Departamento de Vida Silvestre |
| 9 (RLIN) |
9577 |